| 000 | 00425cam a2200181 4500 | ||
|---|---|---|---|
| 001 | D15098 | ||
| 008 | 090401t1964 xxu||||| |||| 00| 0 eng d | ||
| 035 | _a(Sirsi) u20243 | ||
| 041 | _aeng | ||
| 110 | _aChartered Auctioneers` & Estate Agents` Institute | ||
| 245 | _aBlackpool 1964 | ||
| 260 |
_bCAEAI _c1964 |
||
| 300 | _a20p | ||
| 350 | _a0 | ||
| 520 | _aFiled in box 1964/32 A | ||
| 942 | _n0 | ||
| 948 | _c04/03/1997 | ||
| 999 |
_c87779 _d87779 |
||